000
00218nam a2200109Ia 4500
100
_a
#N/A
942
_c
BK
654
_a
embedded
245
_a
Embedded C Programming and Atmel AVR
260
_b
#N/A
546
_a
ENGLISH
999
_c
33012
_d
33012